| 000 | 00587nam a2200193 u 4500 | ||
|---|---|---|---|
| 005 | 20221117063506.0 | ||
| 008 | 150831s2009 ag r 000 0 spa d | ||
| 020 | _a9789871061938 | ||
| 035 | _aUPN01000205514 | ||
| 049 | _aI | ||
| 050 | 4 |
_aQA445.5 _bS2.6 |
|
| 100 | 1 |
_aSago, Maritza _940224 |
|
| 245 | 1 | 0 |
_aNociones básicas : _bforma / _cMaritza Sago ; il. Roberto Bolivar. |
| 260 |
_aBuenos Aires : _bHola Chicos, _c2009. |
||
| 300 |
_a47 p. : _bil. col. |
||
| 650 | 4 |
_aGEOMETRIA - _vCURIOSA Y MISCELANEA _95329 |
|
| 650 | 2 |
_aFiguras _vLiteratura infantil _923592 |
|
| 905 | _aInfantil | ||
| 999 |
_c177615 _d177615 |
||